<?xml version="1.0" encoding="UTF-8"?>
<collection xmlns="http://www.loc.gov/MARC21/slim">
 <record>
  <leader>04439ntm a22005537i 4500</leader>
  <controlfield tag="001">000714106</controlfield>
  <controlfield tag="003">CZ-PrVSE</controlfield>
  <controlfield tag="005">20240608092444.0</controlfield>
  <controlfield tag="006">m        d</controlfield>
  <controlfield tag="007">cr n||||||||||</controlfield>
  <controlfield tag="008">240608s2024    xr     fsbm   000 0 cze d</controlfield>
  <datafield tag="STA" ind1=" " ind2=" ">
   <subfield code="a">NEZPRACOVANÝ IMPORT</subfield>
  </datafield>
  <datafield tag="040" ind1=" " ind2=" ">
   <subfield code="a">ABA006</subfield>
   <subfield code="b">cze</subfield>
   <subfield code="c">ABA006</subfield>
   <subfield code="d">ABA006</subfield>
   <subfield code="e">rda</subfield>
  </datafield>
  <datafield tag="100" ind1="1" ind2=" ">
   <subfield code="a">Macko, Martin</subfield>
   <subfield code="%">ISIS:149098</subfield>
   <subfield code="4">dis</subfield>
  </datafield>
  <datafield tag="242" ind1="1" ind2="0">
   <subfield code="a">Development of an application for controlling hardware components of Asus gaming laptops</subfield>
   <subfield code="y">eng</subfield>
  </datafield>
  <datafield tag="245" ind1="1" ind2="0">
   <subfield code="a">Vývoj aplikace pro ovládání hardwarových komponent herních notebooků Asus /</subfield>
   <subfield code="c">Martin Macko</subfield>
  </datafield>
  <datafield tag="264" ind1=" " ind2="0">
   <subfield code="c">2024</subfield>
  </datafield>
  <datafield tag="300" ind1=" " ind2=" ">
   <subfield code="a">?? stran :</subfield>
   <subfield code="3">digital, PDF soubor</subfield>
  </datafield>
  <datafield tag="500" ind1=" " ind2=" ">
   <subfield code="a">Vedoucí práce: Adam Krbušek</subfield>
  </datafield>
  <datafield tag="502" ind1=" " ind2=" ">
   <subfield code="a">Diplomová práce (Ing.)—Vysoká škola ekonomická v Praze. Fakulta informatiky a statistiky, 2024</subfield>
  </datafield>
  <datafield tag="504" ind1=" " ind2=" ">
   <subfield code="a">Obsahuje bibliografii</subfield>
  </datafield>
  <datafield tag="516" ind1=" " ind2=" ">
   <subfield code="a">Textový (vysokoškolská kvalifikační práce)</subfield>
  </datafield>
  <datafield tag="518" ind1=" " ind2=" ">
   <subfield code="a">Rok obhajoby 2024</subfield>
  </datafield>
  <datafield tag="520" ind1="3" ind2=" ">
   <subfield code="a">Správa a optimalizace hardwarových komponent jsou pro funkčnost herních notebooků klíčové. Zařízení Asus mají pro tento účel speciálně vyvinutý nástroj Armoury Crate. Navzdory své komplexnosti však čelí kritice kvůli nestabilitě, snížení výdrže baterie až o 41 %, zvýšené zátěži procesoru, problémům s přepínáním grafických karet a složitému uživatelskému rozhraní. Tyto nedostatky vedou uživatele k hledání alternativ, které v současné době nejsou k dispozici. Cílem této práce je navrhnout a implementovat minimalistickou aplikaci .NET jako alternativu k Armoury Crate, která splňuje základní požadavky uživatelů na správu a optimalizaci hardwarových komponent, aniž by zbytečně zatěžovala počítač a snižovala jeho výdrž na baterii. Pro vývoj aplikace byla zvolena metodika Lean Startup. Úvodní krok této metodiky zahrnuje formulaci hypotézy týkající se funkčnosti produktu a problémů, které má řešit. Tato hypotéza byla vytvořena na základě zkoumání reakcí uživatelů na současnou aplikaci Armoury Crate. Na základě stanovených hypotéz byl vytvořen minimální životaschopný produkt (MVP), aby bylo možné tyto hypotézy rychle a efektivně otestovat sběrem zpětné vazby od uživatelů. Získaná zpětná vazba slouží jako informace pro kroky další iterace vývoje, což umožňuje průběžné zdokonalování a přizpůsobování produktu. Po přijetí metodiky Lean Startup byly začleněny principy Kanban, aby se zvýšila efektivita osobních pracovních postupů a zachovalo se zaměření na vývoj orientovaný na uživatele. Tento přístup usnadnil přehlednou vizualizaci úkolů, umožnil stanovení priorit a efektivní řízení iteračního procesu na základě zpětné vazby od uživatelů. Zavedením strategií Kanban, jako je stanovení limitů rozpracovanosti a používání vizuálního systému správy úkolů, se zefektivnil proces samostatného vý</subfield>
  </datafield>
  <datafield tag="520" ind1="8" ind2=" ">
   <subfield code="a">Výsledkem práce je aplikace, která z hlediska základních funkcí slouží jako plnohodnotná alternativa k Armoury Crate a nabízí efektivnější nástroj s nižšími nároky na spotřebu energie a baterie.</subfield>
  </datafield>
  <datafield tag="538" ind1=" " ind2=" ">
   <subfield code="a">Způsob přístupu: Internet</subfield>
  </datafield>
  <datafield tag="653" ind1="0" ind2=" ">
   <subfield code="a">vývoj informačních systémů [obor dipl. práce]</subfield>
  </datafield>
  <datafield tag="655" ind1=" " ind2="7">
   <subfield code="a">diplomové práce</subfield>
   <subfield code="7">fd132022</subfield>
   <subfield code="2">czenas</subfield>
  </datafield>
  <datafield tag="655" ind1=" " ind2="9">
   <subfield code="a">master's theses</subfield>
   <subfield code="2">eczenas</subfield>
  </datafield>
  <datafield tag="690" ind1=" " ind2=" ">
   <subfield code="a">alternativa Armoury Crate</subfield>
  </datafield>
  <datafield tag="690" ind1=" " ind2=" ">
   <subfield code="a">herní notebooky</subfield>
  </datafield>
  <datafield tag="690" ind1=" " ind2=" ">
   <subfield code="a">interakce člověka s počítačem</subfield>
  </datafield>
  <datafield tag="690" ind1=" " ind2=" ">
   <subfield code="a">optimalizace hardwaru</subfield>
  </datafield>
  <datafield tag="690" ind1=" " ind2=" ">
   <subfield code="a">software pro řízení hardwaru</subfield>
  </datafield>
  <datafield tag="690" ind1=" " ind2=" ">
   <subfield code="a">vývoj aplikace .NET</subfield>
  </datafield>
  <datafield tag="700" ind1="1" ind2=" ">
   <subfield code="a">Krbušek, Adam</subfield>
   <subfield code="%">ISIS:88870</subfield>
   <subfield code="4">ths</subfield>
  </datafield>
  <datafield tag="700" ind1="1" ind2=" ">
   <subfield code="a">Buchalcevová, Alena,</subfield>
   <subfield code="d">1958-</subfield>
   <subfield code="7">ola2003199599</subfield>
   <subfield code="4">opn</subfield>
  </datafield>
  <datafield tag="710" ind1="2" ind2=" ">
   <subfield code="a">Vysoká škola ekonomická v Praze.</subfield>
   <subfield code="b">Fakulta informatiky a statistiky</subfield>
   <subfield code="7">kn20010709399</subfield>
   <subfield code="4">dgg</subfield>
  </datafield>
  <datafield tag="856" ind1="4" ind2="0">
   <subfield code="u">https://insis.vse.cz/zp/86426/podrobnosti</subfield>
   <subfield code="y">VŠKP v InSIS</subfield>
  </datafield>
  <datafield tag="856" ind1="4" ind2="0">
   <subfield code="u">https://insis.vse.cz/zp/86426</subfield>
   <subfield code="y">Hlavní práce</subfield>
  </datafield>
  <datafield tag="856" ind1="4" ind2="0">
   <subfield code="u">https://insis.vse.cz/zp/86426/posudek/vedouci</subfield>
   <subfield code="y">Hodnocení vedoucího</subfield>
  </datafield>
  <datafield tag="856" ind1="4" ind2="0">
   <subfield code="u">https://insis.vse.cz/zp/86426/posudek/oponent/82041</subfield>
   <subfield code="y">Oponentura</subfield>
  </datafield>
  <datafield tag="856" ind1="4" ind2="0">
   <subfield code="u">https://insis.vse.cz/zp/86426/priloha/28304</subfield>
   <subfield code="y">Přiloha k práci</subfield>
  </datafield>
  <datafield tag="999" ind1="4" ind2="0">
   <subfield code="u">https://insis.vse.cz/zp/86426/podrobnosti</subfield>
   <subfield code="y">dc:identifier</subfield>
  </datafield>
  <datafield tag="993" ind1=" " ind2=" ">
   <subfield code="x">NEPOSILAT</subfield>
   <subfield code="y">VSKP</subfield>
  </datafield>
  <datafield tag="999" ind1="4" ind2="9">
   <subfield code="a">vse86426</subfield>
   <subfield code="b">240604</subfield>
  </datafield>
  <datafield tag="999" ind1="4" ind2="5">
   <subfield code="x">86426</subfield>
  </datafield>
 </record>
</collection>
